LEADER 01052nam a2200265 u 4500 001 000000079081 003 CaOOAMICUS 005 20070226123512.0 008 040525s2003 it u000 u ita u 020 $a8877508396 035 $a10996633 040 $aPUL$bita 041 1 $aita$hheb 130 0 $aTalmud Babli.$pBerakhot.$lItaliano.$0(OLS)http://pul/title/27363 245 13$aTalmud :$bil trattato della benedizioni (Berakhot) /$ca cura di Sofia Cavalletti. 260 $aTorino :$bUTET Libreria,$c2003. 300 $aix, 469 p. ;$c23 cm 500 $aComprende indici. 700 1 $aCavalletti, Sofia.$0(OLS)http://pul/name/16970 850 $aPUL 852 $aPUL$W1$xSL Religione 3$y85$m296. 1 CAVSO 1$j101282$nBK-PRI$qDDC 21$B101282$CPULBib$Z2$F101282 $HPUL92354 $82 941 1 $a9 996 $6020$a8877508396$9(OLS)http://pul/number/103779 996 $6245$aTalmud :$bil trattato della benedizioni (Berakhot)$9(OLS)http://pul/title/103522 996 $6260$aTorino :$bUTET Libreria$9(OLS)http://pul/publisher/50506 LEADER 01760nam a2200373 a 4500 001 000000127528 003 CaOOAMICUS 005 20120208103223.0 008 120208s2010 it u000 u ita r 020 $a978-88-7094-802-8 040 $aPUL$bita 041 1 $aita$hgrc 082 04$a270.1 100 0 $aGregorius Nyssenus,$cs.,$dc. 335-c. 394.$0(OLS)http://pul/name/3044 245 10$aOmelie su Qoelet (Ecclesiaste) /$cGregorio Di Nissa ; testo greco curato da P. Alexander, introduzione, note e indice di Françoise Vinel, traduzione italiana Maria Benedetta Artioli. 260 $aRoma :$bEdizioni San Clemente ;$aBologna :$bEdizioni Studio Domenicano,$c2011. 300 $a459 p. ;$c20 cm 490 1 $aSources chrétiennes. Edizione italiana ;$v11 500 $aBibliografia in nota. 546 $aTesto greco a fronte. 700 1 $aAlexander, P.$0(OLS)http://pul/name/81372 700 1 $aArtioli, Maria Benedetta.$0(OLS)http://pul/name/52942 700 1 $aVinel, Françoise,$d1950-$0(OLS)http://pul/name/23306 830 0$aSources chrétiennes. Edizione italiana ;$v11.$0(OLS)http://pul/title/142077 850 $aPUL 852 $aPUL$W1$xSL Religione 3$y85$m270. 1 COLL 2.11$j147560$qDDC 21$B146190$CPULBib$Z2$F146190 $H118611 $82 900 $aGregorio di Nissa,$cs.,$dc. 335-c. 394$93044 941 1 $a9 996 $6020$a978-88-7094-802-8$9(OLS)http://pul/number/148874 996 $6082$a270.1$9(OLS)http://pul/classification/305 996 $6245$aOmelie su Qoelet (Ecclesiaste)$9(OLS)http://pul/title/161143 996 $6260$aRoma :$bEdizioni San Clemente$9(OLS)http://pul/publisher/80048 996 $6260$aBologna :$bEdizioni Studio Domenicano$9(OLS)http://pul/publisher/49136